000 00364nam a22001337a 4500
005 20260522112741.0
020 _a9780367464943
082 _a418.02
_bKIM.C
100 _aKim, Kyung Hye
_914929
245 _aCritical discourse analysis in translation studies:an introductory textbook
260 _aNew York
_bRoutledge
_c2025
300 _a157p.
942 _2ddc
_cBK
999 _c759756
_d759756